Von den Postbankdiensten zur Postbank.

Analýza služieb typických pre poštovú banku až ku vzniku samostatnej poštovej banky. Miesto poštovej banky v konkurencii iných bánk. Obchodná politika poštovej banky v diele O. Hahna. Rozširovanie finančných služieb v kvantitatívnom obchode.

Salvato in:
Dettagli Bibliografici
Autore principale: Schneider, G.
Natura: Capitolo di libro
Lingua:tedesco
Soggetti:
Tags: Aggiungi Tag
Nessun Tag, puoi essere il primo ad aggiungerne!!

MARC

LEADER 00000naa a2200000 4500
001 r013629
005 20221205080839.6
041 0 |a ger 
044 |a DE 
245 1 0 |a Von den Postbankdiensten zur Postbank.  |c G. Schneider 
520 |a Analýza služieb typických pre poštovú banku až ku vzniku samostatnej poštovej banky. Miesto poštovej banky v konkurencii iných bánk. Obchodná politika poštovej banky v diele O. Hahna. Rozširovanie finančných služieb v kvantitatívnom obchode. 
610 2 0 |a služby finančné 
610 2 0 |a banky poštové 
610 2 0 |a politika obchodná 
100 1 |a Schneider, G.